Catalog

Record Details

Catalog Search



Available copies

  • 1 of 1 copy available at LARL/NWRL Consortium.

Current holds

0 current holds with 1 total copy.

Show Only Available Copies
Location Call Number / Copy Notes Barcode Shelving Location Status Due Date
Moorhead Public Library SAN (Text) 33500012460424 Main Available -

Record details

  • ISBN: 9780062468840
  • ISBN: 0062468847
  • Physical Description: 394 pages ; 18 cm.
  • Publisher: New York , NY : Avon Books, [2017]

Content descriptions

General Note:
Includes a preview of Bliss.
Summary, etc.:
Ever since Domitian Argenis recognized Sarita as ... Read More
Subject: Vampires > Fiction.
Man-woman relationships > Fiction.
Vampires > Fiction.
Genre: Romance fiction.
Paranormal fiction.
Fantasy fiction.
Romance fiction.
Fantasy fiction.
LDR 02122cam a2200433Ii 4500
001242375
003LARL_NWRL_CONSORTIUM
00520170403202411.0
008160624s2017 nyu 000 1 eng d
040 . ‡aYDXCP ‡beng ‡erda ‡cYDXCP ‡dBTCTA ‡dOCLCQ ‡dOQX ‡dIG$ ‡dIJ5 ‡dLE@ ‡dCHY ‡dT7R
020 . ‡a9780062468840 ‡q(paperback)
020 . ‡a0062468847 ‡q(paperback)
035 . ‡a(OCoLC)952207103
08204. ‡a813/.6 ‡223
1001 . ‡aSands, Lynsay, ‡eauthor. ‡0(LARL_NWRL_CONSORTIUM)145390
24510. ‡aImmortal unchained. ‡n#25 / ‡cLynsay Sands.
264 1. ‡aNew York , NY : ‡bAvon Books, ‡c[2017]
300 . ‡a394 pages ; ‡c18 cm.
336 . ‡atext ‡btxt ‡2rdacontent
337 . ‡aunmediated ‡bn ‡2rdamedia
338 . ‡avolume ‡bnc ‡2rdacarrier
4900 . ‡aArgeneau ; ‡v25
500 . ‡aIncludes a preview of Bliss.
520 . ‡aEver since Domitian Argenis recognized Sarita as his life mate, he's been waiting for the perfect moment to claim her. Those fantasies did not include him being chained to a table in a secret lab or both of them being held hostage by a mad scientist. Sarita has seen some crazy things as a cop, but nothing to rival Domitian. A vampire? Seriously? But his healing ability, incredible powers, and their mind-blowing physical connection - none of it should be possible, yet her body knows differently. Now, not only do they have to save each other, but other innocent lives are at stake. Failure is not an option for Sarita intends that Domitian show her exactly what an eternity of pleasure feels like.
650 0. ‡aVampires ‡vFiction. ‡0(LARL_NWRL_CONSORTIUM)167805
650 0. ‡aMan-woman relationships ‡vFiction. ‡0(LARL_NWRL_CONSORTIUM)165985
650 1. ‡aVampires ‡vFiction. ‡0(LARL_NWRL_CONSORTIUM)167805
655 7. ‡aRomance fiction. ‡2lcgft
655 7. ‡aParanormal fiction. ‡2lcgft
655 7. ‡aFantasy fiction. ‡2lcgft
655 4. ‡aRomance fiction.
655 4. ‡aFantasy fiction.
901 . ‡a242375 ‡bOCoLC ‡c242375 ‡tbiblio ‡soclc

Additional Resources